කුමාර රචනය : 8 - 9 ශ්‍රේණි

[Kumara rachanaya 8-9]
Saved in:
Bibliographic Details
Main Author: දසනායක, ඒ. ඊ. ඇස්
Format: Book
Language:English
Published: කොළඹ : ඇම්. ඩී. ගුණසේන, 2015, 2016, 2017, 2018. 2024
Subjects:
Tags: Add Tag
No Tags, Be the first to tag this record!

MARC

LEADER 00000nam a2200000 4500
005 20260106120755.0
008 150903b xxu||||| |||| 00| | eng d
020 |a 9552102391 
082 |a 491.48  |b දසනා 
100 |a දසනායක, ඒ. ඊ. ඇස්. 
245 |a කුමාර රචනය  |b  : 8 - 9 ශ්‍රේණි  |c  / ඒ. ඊ. ඇස්. දසනායක.  |6 880-01 
260 |a කොළඹ :  |b ඇම්. ඩී. ගුණසේන,  |c 2015,  |c 2016,  |c 2017,  |c 2018.  |c 2024 
300 |a පි. 136 ;  |c සෙමී. 21.  |b : රු. 450.00 
650 0 |a සිංහල භාෂාව 
650 0 |a Sinhalese language 
880 |6 245-01  |a [Kumara rachanaya 8-9] 
942 |2 ddc  |c LBK 
999 |c 25261  |d 25261